The effect of tropical sunlight on the development of bones of children in Puerto Rico; (Record no. 36109)
[ view plain ]
| 000 -LEADER | |
|---|---|
| fixed length control field | 01024cam a22002291 4500 |
| 001 - CONTROL NUMBER | |
| control field | l 33000122 |
| 003 - CONTROL NUMBER IDENTIFIER | |
| control field | DLC |
| 005 - DATE AND TIME OF LATEST TRANSACTION | |
| control field | 20260227111534.0 |
| 008 - FIXED-LENGTH DATA ELEMENTS--GENERAL INFORMATION | |
| fixed length control field | 820626s1933 xx af 000 0 eng |
| 010 ## - LIBRARY OF CONGRESS CONTROL NUMBER | |
| LC control number | l 33000122 |
| 035 ## - SYSTEM CONTROL NUMBER | |
| System control number | (OCoLC)14735310 |
| 040 ## - CATALOGING SOURCE | |
| Original cataloging agency | DLC |
| Transcribing agency | DNLM |
| Modifying agency | OCoLC |
| -- | DLC |
| 050 10 - LIBRARY OF CONGRESS CALL NUMBER | |
| Classification number | HD741 |
| Item number | .A32 no. 217 |
| 060 0# - NATIONAL LIBRARY OF MEDICINE CALL NUMBER | |
| Classification number | W1 |
| Item number | UN6181 no.217 1933 |
| 100 1# - MAIN ENTRY--PERSONAL NAME | |
| Personal name | Eliot, Martha M. |
| Fuller form of name | (Martha May), |
| Dates associated with a name | 1891- |
| 245 14 - TITLE STATEMENT | |
| Title | The effect of tropical sunlight on the development of bones of children in Puerto Rico; |
| Remainder of title | a roentgenographic and clinical study of infants and young children with special reference to rickets and related factors, |
| Statement of responsibility, etc. | by Martha M. Eliot ... |
| 260 ## - PUBLICATION, DISTRIBUTION, ETC. | |
| Place of publication, distribution, etc. | Washington, |
| Name of publisher, distributor, etc. | U.S. Govt. print. off., |
| Date of publication, distribution, etc. | 1933. |
| 300 ## - PHYSICAL DESCRIPTION | |
| Extent | v, 122 p. |
| Other physical details | ill., plates. |
| 410 10 - SERIES STATEMENT/ADDED ENTRY--CORPORATE NAME [OBSOLETE, CAN/MARC], [LOCAL, USA] | |
| Corporate name or jurisdiction name as entry element | United States. |
| Subordinate unit | Children's Bureau. |
| Title of a work | Publication |
| Volume number/sequential designation | no. 217 |
| 500 ## - GENERAL NOTE | |
| General note | At head of title: United States Department of labor. Frances Perkins, secretary. Children's bureau. Grace Abbott, chief. |
| 710 1# - ADDED ENTRY--CORPORATE NAME | |
| Corporate name or jurisdiction name as entry element | United States. |
| Subordinate unit | Children's Bureau. |
No items available.